Greenest countries judged by their Environmental Performance Index score - Statistics

General Stats
  • This quiz has been taken 26 times
  • The average score is 10 of 15
Answer Stats
EPI Answer % Correct
89.21 Denmark
92%
90.43 Sweden
92%
90.68 Finland
88%
90.51 Iceland
83%
88.00 New Zealand
83%
87.38 UK
83%
87.22 Australia
75%
88.40 France
75%
88.91 Spain
71%
88.63 Portugal
67%
87.04 Singapore
58%
88.59 Estonia
54%
88.98 Slovenia
46%
88.48 Malta
38%
86.98 Croatia
33%
No matching quizzes found
Score Distribution
Percent of People with Each Score
Percentile by Number Answered
Your Score History
You have not taken this quiz